<?xml version="1.0" encoding="UTF-8"?><record xmlns="http://www.loc.gov/MARC21/slim" xmlns:zs="http://docs.oasis-open.org/ns/search-ws/sruResponse">
  <leader>02596cam a22005293  4500</leader>
  <controlfield tag="001">9291262</controlfield>
  <controlfield tag="005">20250608041412.9</controlfield>
  <controlfield tag="008">990115m14951497it a          000 0 grc  </controlfield>
  <datafield ind1=" " ind2=" " tag="035">
    <subfield code="a">9291262</subfield>
  </datafield>
  <datafield ind1=" " ind2=" " tag="906">
    <subfield code="a">0</subfield>
    <subfield code="b">cbc</subfield>
    <subfield code="c">premver</subfield>
    <subfield code="d">u</subfield>
    <subfield code="e">ncip</subfield>
    <subfield code="f">19</subfield>
    <subfield code="g">y-gencatlg</subfield>
  </datafield>
  <datafield ind1=" " ind2=" " tag="955">
    <subfield code="a">he11 2020-08-13 TW situational</subfield>
    <subfield code="r">he11 2020-08-13</subfield>
  </datafield>
  <datafield ind1=" " ind2=" " tag="955">
    <subfield code="a">LCAP batch update 2025-06-02-04:00: LCAPM-644, LCAPM-893</subfield>
  </datafield>
  <datafield ind1=" " ind2=" " tag="010">
    <subfield code="a">   48033850 </subfield>
  </datafield>
  <datafield ind1=" " ind2=" " tag="035">
    <subfield code="9">(DLC)   48033850</subfield>
  </datafield>
  <datafield ind1=" " ind2=" " tag="040">
    <subfield code="a">DLC</subfield>
    <subfield code="c">DLC</subfield>
    <subfield code="d">DLC</subfield>
  </datafield>
  <datafield ind1="1" ind2=" " tag="041">
    <subfield code="a">grc</subfield>
    <subfield code="a">lat</subfield>
    <subfield code="h">grc</subfield>
  </datafield>
  <datafield ind1="0" ind2="0" tag="050">
    <subfield code="a">Incun. X</subfield>
    <subfield code="b">.M8</subfield>
  </datafield>
  <datafield ind1="0" ind2=" " tag="100">
    <subfield code="a">Musaeus,</subfield>
    <subfield code="c">Grammaticus.</subfield>
  </datafield>
  <datafield ind1="1" ind2="0" tag="240">
    <subfield code="a">Hero and Leander.</subfield>
    <subfield code="l">Latin &amp; Greek.</subfield>
  </datafield>
  <datafield ind1="1" ind2="0" tag="245">
    <subfield code="a">Mousaiou Poiēmation ta kathērō kai Leandron,</subfield>
    <subfield code="b">ho dē kai eis tēn Rhōmaiōn dialekton autolexei metōchetouthē. Musaei Opusculum de Herone &amp; Leandro, quod &amp; in Latinam linguam ad uerbum tralatum est.</subfield>
  </datafield>
  <datafield ind1="3" ind2=" " tag="246">
    <subfield code="a">Opusculum de Herone et Leandro</subfield>
  </datafield>
  <datafield ind1=" " ind2=" " tag="260">
    <subfield code="a">Venice,</subfield>
    <subfield code="b">Aldus Manutius, Romanus</subfield>
    <subfield code="c">[before Nov. 1495-1497?]</subfield>
  </datafield>
  <datafield ind1=" " ind2=" " tag="300">
    <subfield code="a">[22] leaves.</subfield>
    <subfield code="b">woodcuts: illus.</subfield>
    <subfield code="c">20.9 cm. (4to)</subfield>
  </datafield>
  <datafield ind1=" " ind2=" " tag="336">
    <subfield code="a">text</subfield>
    <subfield code="b">txt</subfield>
    <subfield code="2">rdacontent</subfield>
  </datafield>
  <datafield ind1=" " ind2=" " tag="337">
    <subfield code="a">unmediated</subfield>
    <subfield code="b">n</subfield>
    <subfield code="2">rdamedia</subfield>
  </datafield>
  <datafield ind1=" " ind2=" " tag="338">
    <subfield code="a">volume</subfield>
    <subfield code="b">nc</subfield>
    <subfield code="2">rdacarrier</subfield>
  </datafield>
  <datafield ind1=" " ind2=" " tag="500">
    <subfield code="a">Translated by Marcus Musurus.</subfield>
  </datafield>
  <datafield ind1=" " ind2=" " tag="500">
    <subfield code="a">Signatures: a¹⁰ b¹². Quire a (Greek text) and quire b (Latin text), here interleaved with each other, were printed at different times. Cf. BM 15th cent.</subfield>
  </datafield>
  <datafield ind1="4" ind2=" " tag="510">
    <subfield code="a">Goff, F.R. Incunabula in American libraries,</subfield>
    <subfield code="c">M-880</subfield>
  </datafield>
  <datafield ind1="4" ind2=" " tag="510">
    <subfield code="a">Copinger, W.A. Supplement to Hain's Repertorium bibliographicum,</subfield>
    <subfield code="c">11653</subfield>
  </datafield>
  <datafield ind1="4" ind2=" " tag="510">
    <subfield code="a">Catalogue of books printed in the XVth century now in the British Museum,</subfield>
    <subfield code="c">V, p. 552 (IA.24387)</subfield>
  </datafield>
  <datafield ind1="4" ind2=" " tag="510">
    <subfield code="a">Library of Congress. Lessing J. Rosenwald collection (1977),</subfield>
    <subfield code="c">305</subfield>
  </datafield>
  <datafield ind1=" " ind2=" " tag="530">
    <subfield code="a">Also available in digital form on the Library of Congress Web site.</subfield>
  </datafield>
  <datafield ind1="0" ind2="0" tag="600">
    <subfield code="a">Leander</subfield>
    <subfield code="c">(Greek mythological character)</subfield>
    <subfield code="v">Poetry</subfield>
    <subfield code="v">Early works to 1800.</subfield>
  </datafield>
  <datafield ind1=" " ind2="0" tag="650">
    <subfield code="a">Hero (Greek mythology)</subfield>
    <subfield code="v">Poetry</subfield>
    <subfield code="v">Early works to 1800.</subfield>
  </datafield>
  <datafield ind1=" " ind2="7" tag="655">
    <subfield code="a">Incunabula</subfield>
    <subfield code="z">Italy</subfield>
    <subfield code="z">Venice</subfield>
    <subfield code="y">1495.</subfield>
    <subfield code="2">rbgenr</subfield>
  </datafield>
  <datafield ind1=" " ind2="7" tag="655">
    <subfield code="a">Poetry.</subfield>
    <subfield code="2">lcgft</subfield>
    <subfield code="0">https://id.loc.gov/authorities/genreForms/gf2014026481</subfield>
  </datafield>
  <datafield ind1="1" ind2=" " tag="700">
    <subfield code="a">Mousouros, Markos,</subfield>
    <subfield code="d">approximately 1470-1517,</subfield>
    <subfield code="e">translator.</subfield>
  </datafield>
  <datafield ind1="1" ind2=" " tag="700">
    <subfield code="a">Manuzio, Aldo,</subfield>
    <subfield code="d">1449 or 1450-1515,</subfield>
    <subfield code="e">printer.</subfield>
  </datafield>
  <datafield ind1="2" ind2=" " tag="710">
    <subfield code="a">Lessing J. Rosenwald Collection (Library of Congress)</subfield>
    <subfield code="5">DLC</subfield>
  </datafield>
  <datafield ind1=" " ind2=" " tag="752">
    <subfield code="a">Italy</subfield>
    <subfield code="d">Venice.</subfield>
  </datafield>
  <datafield ind1="4" ind2="1" tag="856">
    <subfield code="3">Page view</subfield>
    <subfield code="d">rbc0001</subfield>
    <subfield code="f">2020rosen0305</subfield>
    <subfield code="u">https://hdl.loc.gov/loc.rbc/Rosenwald.0305.1</subfield>
  </datafield>
  <datafield ind1=" " ind2=" " tag="985">
    <subfield code="a">rbc/scd</subfield>
  </datafield>
  <datafield ind1=" " ind2=" " tag="985">
    <subfield code="a">rbc/rosendgt</subfield>
  </datafield>
  <datafield ind1=" " ind2=" " tag="985">
    <subfield code="a">rbc/digital/rosen</subfield>
  </datafield>
  <datafield ind1=" " ind2=" " tag="985">
    <subfield code="a">rarebk</subfield>
    <subfield code="g">enh</subfield>
  </datafield>
  <datafield ind1=" " ind2=" " tag="991">
    <subfield code="b">c-RareBook</subfield>
    <subfield code="h">Incun. X</subfield>
    <subfield code="i">.M8</subfield>
    <subfield code="t">Copy 1</subfield>
    <subfield code="m">Rosenwald Coll</subfield>
    <subfield code="w">PREM</subfield>
  </datafield>
</record>
